Statistics for Countries by Borders of Bordering Country Pairs in 90 Seconds

Click here to take the quiz!

General Stats

  • This quiz has been taken 672 times
  • The average score is 114 of 157

Answers on the Map

Answers color-coded by a green-red scale on the quiz's map according to % correct below.
 

Answer Stats

Country% Correct
Russia
98%
Poland
97%
China
96%
France
96%
Brazil
95%
Kazakhstan
95%
Mongolia
95%
North Korea
95%
Suriname
95%
Bhutan
94%
India
94%
Myanmar
94%
Nepal
94%
Pakistan
94%
Afghanistan
93%
Azerbaijan
93%
Belarus
93%
Finland
93%
Lithuania
93%
Norway
93%
Mexico
92%
Ukraine
92%
Estonia
91%
Latvia
91%
United States
91%
Argentina
90%
Bolivia
90%
Georgia
90%
Peru
90%
Canada
89%
Central African
Republic
89%
Chad
89%
Colombia
89%
Laos
89%
Libya
89%
Morocco
89%
South Sudan
89%
Spain
89%
Germany
88%
Kyrgyzstan
88%
Niger
88%
Paraguay
88%
Switzerland
88%
Turkey
88%
Vietnam
88%
Algeria
87%
Chile
87%
D. R. Congo
87%
Iran
87%
Iraq
87%
Sudan
87%
Uruguay
86%
Venezuela
86%
Zambia
86%
Mali
85%
Saudi Arabia
85%
Syria
85%
Tajikistan
85%
Italy
84%
Belgium
83%
Guyana
83%
Jordan
83%
Luxembourg
83%
Netherlands
83%
Tanzania
83%
Uganda
83%
Angola
82%
Rep. of the Congo
82%
Austria
81%
Ethiopia
81%
Mauritania
81%
Kuwait
80%
Andorra
79%
Burundi
79%
Rwanda
79%
Bulgaria
78%
Czech Republic
78%
Eritrea
78%
Guatemala
78%
Mozambique
78%
Namibia
78%
United Kingdom
78%
Burkina Faso
77%
Cameroon
77%
Zimbabwe
77%
Botswana
76%
Belize
75%
Egypt
75%
Hungary
75%
Kenya
75%
Oman
75%
United Arab Emirates
75%
Yemen
75%
South Africa
74%
Nigeria
71%
Swaziland
70%
Turkmenistan
69%
Lesotho
68%
Armenia
67%
Benin
67%
Côte d'Ivoire
67%
Ecuador
67%
Guinea
67%
Slovenia
67%
Denmark
66%
Greece
66%
Macedonia
66%
Romania
66%
Serbia
66%
Senegal
65%
Malaysia
64%
Somalia
64%
Thailand
64%
Portugal
63%
Slovakia
63%
Tunisia
63%
Djibouti
61%
Indonesia
61%
Qatar
60%
Gabon
59%
Monaco
59%
Croatia
57%
Ireland
56%
East Timor
55%
Papua New Guinea
55%
Kosovo
54%
Montenegro
54%
Panama
54%
Malawi
53%
Nicaragua
53%
Brunei
52%
Costa Rica
52%
Bangladesh
51%
Sweden
51%
Bosnia and
Herzegovina
50%
Ghana
48%
Sri Lanka
48%
Honduras
47%
Togo
47%
Moldova
46%
Cambodia
45%
Israel
45%
Albania
41%
El Salvador
41%
Liechtenstein
40%
Liberia
39%
San Marino
38%
Vatican City
38%
Uzbekistan
37%
Guinea-Bissau
36%
Sierra Leone
33%
Dominican Republic
28%
Haiti
28%
Equatorial Guinea
22%
Gambia
22%
Lebanon
22%
South Korea
21%

Score Distribution

Percentile by Number Answered

Percent of People with Each Score

Your Score History

You have not taken this quiz